Asbat Deen Insani Yani Communism Awr Islam (Record no. 3656)

MARC details
000 -LEADER
fixed length control field 00672nam a2200253 a 4500
020 ## - INTERNATIONAL STANDARD BOOK NUMBER
ISBN
082 00 - DEWEY DECIMAL CLASSIFICATION NUMBER
Classification number 297.297
Author Cutter AHM
100 ## - MAIN ENTRY--AUTHOR NAME
Author name Ahmad, Sufi Nazeer
245 ## - TITLE STATEMENT
Title Asbat Deen Insani Yani Communism Awr Islam
260 ## - PUBLICATION, DISTRIBUTION, ETC. (IMPRINT)
Place of publication Hyderabad
Name of publisher Markazi Anjuman Taleemus Salat
Year of publication 1953
300 ## - PHYSICAL DESCRIPTION
Number of Pages 339p
500 ## - GENERAL NOTE
General note includes index and biblioraphy
505 2# - FORMATTED CONTENTS NOTE
Formatted contents note glossary, index
650 ## - SUBJECT ADDED ENTRY--TOPICAL TERM
Topical Term Polemics-Muslim Vs Communism
650 ## - SUBJECT ADDED ENTRY--TOPICAL TERM
Topical Term Communism and Islam
942 ## - ADDED ENTRY ELEMENTS (KOHA)
Koha item type Books
700 1# -
-- Ahmad, Sufi Nazeer
Holdings
Collection code Home library Current library Date acquired Cost, normal purchase price Full call number Accession Number Koha item type
  Henry Martyn Institute Library Henry Martyn Institute Library 07/26/2007 2.50 297.297 AHM 08603 Books
                   Copyright © 2026 | Henry Martyn Institute | Hyderabad | TS-500052 | INDIA | Implemented by hmi.edu.in
Hit-Count:

Powered by Koha